| 000 | 00613nam a2200217Ia 4500 | ||
|---|---|---|---|
| 003 | GCL | ||
| 008 | 140319s9999 xx 000 0 ara d | ||
| 040 |
_aGCL / _cGCL |
||
| 082 | 0 | 4 |
_a398.2 _bا ف |
| 100 | 1 | _aاحمد رشدى صالح | |
| 245 | 1 | 0 |
_aفنون الادب الشعبى / _cاحمد رشدى صالح |
| 300 | _a187 ص | ||
| 490 |
_aمكتبة الاسرة _v0 |
||
| 650 | 0 | 4 | _aالفولكلور |
| 650 | 0 | 4 | _aالادب الشعبى |
| 650 | 0 | 4 | _aالزجل |
| 650 | 0 | 4 | _aالموشحات |
| 650 | 0 | 4 | _aالادب والحياة |
| 650 | 0 | 4 | _aالادب المكشوف |
| 942 |
_2ddc _cBK |
||
| 999 |
_c50709 _d50709 |
||